Puskas Award Winners - Statistics

General Stats
  • This quiz has been taken 116 times
    41 since last reset
  • The average score is 3 of 16
Answer Stats
Hint Answer % Correct
2009 Cristiano Ronaldo
95%
2017 Olivier Giroud
42%
2020 Son Heung Min
39%
2013 Zlatan Ibrahimovic
29%
2018 Mohammed Salah
26%
2014 James Rodriguez
21%
2024 Alejandro Garnacho
18%
2021 Erik Lamela
8%
2011 Neymar Jr
5%
2010 Hamit Altintop
3%
2022 Marcin Oleksy
3%
2012 Miroslav Stoch
3%
2019 Daniel Zsori
0%
2023 Guilherme Madruga
0%
2016 Mohd Subri
0%
2015 Wendell Lira
0%
No matching quizzes found
Score Distribution
Percent of People with Each Score
Percentile by Number Answered
Your Score History
You have not taken this quiz since the last reset